| 000 | 00504nam a2200181 4500 | ||
|---|---|---|---|
| 005 | 20240320111633.0 | ||
| 010 | _aENG-134576 | ||
| 020 |
_a9789389579543 _c660.00 |
||
| 035 | _aEN-118108 | ||
| 037 | _bDBAD/PUB | ||
| 082 | _a574.5 | ||
| 100 |
_aKaur H. _963607 |
||
| 245 |
_aEnvironmental Chemistry/ _cH. Kaur _hEnglish |
||
| 260 |
_aMeerut _bPragati Prakashan _c2005 |
||
| 270 |
_aRa240, W.K Road _bMeerut |
||
| 300 |
_a692p. _c24cm(pbk) |
||
| 942 |
_2ddc _cEN _h574.5 _mKAU _e2021 |
||
| 999 |
_c191258 _d191258 |
||